Постановления и протоколы Комиссий СНК по обследованию деятельности Наркомпроса в области театрального дела, пересмотру проектов...

RUSMARC
00005531cmc2a2200313#x 450
0016ea0cb5c-2503-480e-9d02-9ab168665891
00520190919114629.0
100##$a20160331l19211921k y0rusy50 ca
1010#$arus
102##$aRU
105##$ay z |||||
1222#$ad19210506
$ad19210823
2001#$aПостановления и протоколы Комиссий СНК по обследованию деятельности Наркомпроса в области театрального дела, пересмотру проектов положений о Наркомтруде, Наркомфине и др., снятию с пайка 30% населения г. Москвы и по другим вопросам
$j6 мая - 23 августа 1921
215##$a34 листа
251##$cДело
300##$aЗаголовок дела на папке: Постановления и протоколы различных комиссий СНК по обследованию деятельности Наркомпроса в области театрального дела, по снятию с пайка 30% населения г. Москвы, по пересмотру проектов положений о Наркомтруде, Наркомфине и других
300##$aРукописный и машинописный текст
324##$aКопии
330##$aВходит в раздел описи: Управление Делами Секретариат. I. Протоколы. г/ Протоколы Комиссий СНК
461#0$1001ad6baeac-e292-4829-90d1-2f4f65796a62
$12001
$aСОВЕТ НАРОДНЫХ КОМИССАРОВ РСФСР (СНК РСФСР)
$1251
$cФонд
$1852
$gР
$j130
462#0$1001749580a7-5abb-40c4-a39c-e540631a040a
$12001
$a1921 г.
$vД. 358
$1251
$cОпись
$1852
$j5
5171#$aПостановления и протоколы различных комиссий СНК по обследованию деятельности Наркомпроса в области театрального дела, по снятию с пайка 30% населения г. Москвы, по пересмотру проектов положений о Наркомтруде, Наркомфине и других
801#0$aRU
$bGA_RF
801#1$aRU
$bНПО Опыт
$c20160331
$2rusmarc
801#2$aRU
$bПБ им. Б.Н. Ельцина
$c20160514
$gRCR
$2rusmarc
852##$aГА РФ
$j358
937##$d74489481
$hПБ
035##$aRuPRLIB51037986
605##$2acquisition_Prlib
$3DITM\AF\0000003834
$aНарод
$lколлекция
605##$aГод театра в России
$lколлекция
$2acquisition_Prlib
$3LIBNET\UAF\0000080478
686##$2rubbk
$a85.33ю1
$vLBC/M
686##$a63.3(2)61ю1
$vLBC/M
$2rubbk
6061#$2prlib_sh
$3LIBNET\UAF\0000084712
$aТеатр
$jДокументы и материалы
$xИстория
$yРоссия
$z1917-1922
607##$2nlr_sh
$3RU\NLR\AUTH\661410346
$aРоссия
$jДокументы и материалы
$xПолитика и управление
$z1917 - 1922
Формат отображения